| 000 | 00352nam a2200133Ia 4500 | ||
|---|---|---|---|
| 005 | 20251222144814.0 | ||
| 008 | 251222s9999||||xx |||||||||||||| ||spa|| | ||
| 020 | _a978-9972-57-313-2 | ||
| 082 | _a305.896.085/K79 | ||
| 100 | _aKogan Cogan, Liuba | ||
| 245 | 0 | _aProfesionales Afroperuanos en Lima: | |
| 264 | _bUniversidad del PacĂfico | ||
| 942 | _cLIB | ||
| 999 |
_c20214 _d20214 |
||